<?xml version="1.0" encoding="UTF-8"?>
<collection xmlns="http://www.loc.gov/MARC21/slim">
    <record>
        <controlfield tag="001">140000</controlfield>
        <controlfield tag="005">20170620201421.0</controlfield>
        <datafield tag="024" ind1="7" ind2=" ">
            <subfield code="2">ISSN</subfield>
            <subfield code="a">0077-7749</subfield>
        </datafield>
        <datafield tag="024" ind1="7" ind2=" ">
            <subfield code="2">HSB</subfield>
            <subfield code="a">alm00040867x</subfield>
        </datafield>
        <datafield tag="037" ind1=" " ind2=" ">
            <subfield code="a">RWTH-CONV-020435</subfield>
        </datafield>
        <datafield tag="041" ind1=" " ind2=" ">
            <subfield code="a">German</subfield>
        </datafield>
        <datafield tag="100" ind1="1" ind2=" ">
            <subfield code="0">P:(DE-82)025209</subfield>
            <subfield code="a">Heitfeld, K.-H.</subfield>
            <subfield code="b">0</subfield>
            <subfield code="e">Author</subfield>
        </datafield>
        <datafield tag="245" ind1=" " ind2=" ">
            <subfield code="a">Sanierung einer Deponie für Galvanikschlämme in Oberpleis/Siebengebirge</subfield>
            <subfield code="h">print</subfield>
        </datafield>
        <datafield tag="260" ind1=" " ind2=" ">
            <subfield code="a">Stuttgart</subfield>
            <subfield code="b">Schweizerbarth</subfield>
            <subfield code="c">1998</subfield>
        </datafield>
        <datafield tag="336" ind1="7" ind2=" ">
            <subfield code="0">PUB:(DE-HGF)16</subfield>
            <subfield code="2">PUB:(DE-HGF)</subfield>
            <subfield code="a">Journal Article</subfield>
            <subfield code="b">journal</subfield>
            <subfield code="m">journal</subfield>
        </datafield>
        <datafield tag="336" ind1="7" ind2=" ">
            <subfield code="0">PUB:(DE-HGF)7</subfield>
            <subfield code="2">PUB:(DE-HGF)</subfield>
            <subfield code="a">Contribution to a book</subfield>
        </datafield>
        <datafield tag="336" ind1="7" ind2=" ">
            <subfield code="2">DataCite</subfield>
            <subfield code="a">Output Types/Journal article</subfield>
        </datafield>
        <datafield tag="336" ind1="7" ind2=" ">
            <subfield code="0">0</subfield>
            <subfield code="2">EndNote</subfield>
            <subfield code="a">Journal Article</subfield>
        </datafield>
        <datafield tag="336" ind1="7" ind2=" ">
            <subfield code="2">BibTeX</subfield>
            <subfield code="a">ARTICLE</subfield>
        </datafield>
        <datafield tag="336" ind1="7" ind2=" ">
            <subfield code="2">ORCID</subfield>
            <subfield code="a">JOURNAL_ARTICLE</subfield>
        </datafield>
        <datafield tag="336" ind1="7" ind2=" ">
            <subfield code="2">DRIVER</subfield>
            <subfield code="a">article</subfield>
        </datafield>
        <datafield tag="700" ind1="1" ind2=" ">
            <subfield code="0">P:(DE-82)025210</subfield>
            <subfield code="a">Heitfeld, M.</subfield>
            <subfield code="b">1</subfield>
            <subfield code="e">Author</subfield>
        </datafield>
        <datafield tag="700" ind1="1" ind2=" ">
            <subfield code="0">P:(DE-82)025211</subfield>
            <subfield code="a">Luka, H.</subfield>
            <subfield code="b">2</subfield>
            <subfield code="e">Author</subfield>
        </datafield>
        <datafield tag="770" ind1=" " ind2=" ">
            <subfield code="a">Festschrift Herrn Professor Dr. Kurt Gerhard Poll zur Vollendung des 65. Lebensjahres gewidmet / Börger, R. [u.a.] Hrsg</subfield>
        </datafield>
        <datafield tag="773" ind1=" " ind2=" ">
            <subfield code="0">PERI:(DE-600)2365456-9</subfield>
            <subfield code="n">1/3</subfield>
            <subfield code="p">363-377</subfield>
            <subfield code="t">Neues Jahrbuch für Geologie und Paläontologie / Abhandlungen</subfield>
            <subfield code="v">208</subfield>
            <subfield code="x">0077-7749</subfield>
        </datafield>
        <datafield tag="909" ind1="C" ind2="O">
            <subfield code="o">oai:publications.rwth-aachen.de:140000</subfield>
            <subfield code="p">VDB</subfield>
        </datafield>
        <datafield tag="915" ind1="1" ind2=" ">
            <subfield code="0">StatID:(DE-HGF)0031</subfield>
            <subfield code="2">StatID</subfield>
            <subfield code="a">Peer reviewed article</subfield>
        </datafield>
        <datafield tag="920" ind1="1" ind2=" ">
            <subfield code="0">I:(DE-82)532110_20140620</subfield>
            <subfield code="k">532110</subfield>
            <subfield code="l">Lehrstuhl für Ingenieurgeologie und Hydrogeologie</subfield>
            <subfield code="x">0</subfield>
        </datafield>
        <datafield tag="920" ind1="1" ind2=" ">
            <subfield code="0">I:(DE-82)530000_20140620</subfield>
            <subfield code="k">530000</subfield>
            <subfield code="l">Fachgruppe für Geowissenschaften und Geographie</subfield>
            <subfield code="x">1</subfield>
        </datafield>
        <datafield tag="970" ind1=" " ind2=" ">
            <subfield code="a">alm00040867x</subfield>
        </datafield>
        <datafield tag="980" ind1=" " ind2=" ">
            <subfield code="a">journal</subfield>
        </datafield>
        <datafield tag="980" ind1=" " ind2=" ">
            <subfield code="a">contb</subfield>
        </datafield>
        <datafield tag="980" ind1=" " ind2=" ">
            <subfield code="a">I:(DE-82)532110_20140620</subfield>
        </datafield>
        <datafield tag="980" ind1=" " ind2=" ">
            <subfield code="a">I:(DE-82)530000_20140620</subfield>
        </datafield>
        <datafield tag="980" ind1=" " ind2=" ">
            <subfield code="a">VDB</subfield>
        </datafield>
        <datafield tag="980" ind1=" " ind2=" ">
            <subfield code="a">UNRESTRICTED</subfield>
        </datafield>
        <datafield tag="980" ind1=" " ind2=" ">
            <subfield code="a">ConvertedRecord</subfield>
        </datafield>
    </record>

    
</collection>